| Поле | Название | Значение |
| |
Тип записи |
a |
| |
Библиографический уровень |
m |
| 001 |
Контрольный номер |
2eb35f526300493e91d51b561b43f8ff |
| 005 |
Дата корректировки |
20201206205144.0 |
| 010 |
Индекс ISBN |
__ |
| a |
ISBN |
978-5-08-005235-4 (в пер.) |
| d |
Цена |
431-25, 3000 экз. |
| 100 |
Данные общей обработки |
__ |
| a |
Данные общей обработки |
19180914d2018||||||| 0rusy0189 ca |
| 101 |
Язык документа |
0_ |
| a |
Язык текста |
rus |
| 102 |
Страна публикации |
__ |
| a |
Страна публикации |
ru| |
| 102 |
Страна публикации |
__ |
| a |
Страна публикации |
ru |
| 105 |
Кодированные данные (монография) |
__ |
| a |
Кодированные данные (монография) |
|||a||||000zy |
| 200 |
Заглавие и сведения об ответственности |
1_ |
| a |
Заглавие |
Пушкин |
| e |
Сведения, относящиеся к заглавию |
роман : [для старшего школьного возраста] |
| f |
Первые сведения об ответственности |
Юрий Тынянов ; художник А. Симанчук ; [вступительная статья В. Б. Костелянца ; комментарии Н. Ивановой] |
| b |
Общее обозначение материала |
Текст |
| 210 |
Выходные данные |
__ |
| a |
Место издания |
Москва |
| c |
Издательство |
Детская литература |
| d |
Дата издания |
2018 |
| 215 |
Физическое описание |
__ |
| a |
Объем |
729, [2] с. |
| d |
Формат |
21 см |
| 225 |
Серия |
__ |
| a |
Серия |
Школьная библиотека |
| 330 |
Аннотация |
__ |
| a |
Аннотация |
Роман "Пушкин" советского писателя и литературоведа Ю. Н. Тынянова посвящен детству, отрочеству и юности поэта. Автор повествует о том, в какой среде воспитывался и развивался талант Александра Пушкина. На основе документальных и мемуарных материалов нарисована картина семейной, частной и бытовой жизни российского общества первых десятилетий XIX века. Широко освещена атмосфера государственной, литературной и интеллектуальной жизни. Писатель сумел запечатлеть не только живой образ Пушкина, но и образы многих персонажей его эпохи. Большое место в книге занимают родители, дядя, поэты Москвы и Петербурга, лицейские профессора и друзья поэта. |
| 333 |
Примечание о целевом назначении |
__ |
| a |
Примечание о целевом назначении |
12+. Для детей старше 12 лет |
| 600 |
Персоналии |
__ |
| a |
Персоналии (Фамилия) |
Пушкин, А. С. |
| c |
Дополнение к имени |
писатель русский |
| f |
Даты |
1799-1837 |
| g |
Полное имя |
Александр Сергеевич |
| 606 |
Тематические рубрики |
__ |
| a |
Основная рубрика |
Художественная литература |
| 606 |
Тематические рубрики |
__ |
| a |
Основная рубрика |
Русская литература XX в. (произведения) |
| 610 |
Ключевые слова |
__ |
| a |
Ключевые слова |
биографическая литература |
| a |
Ключевые слова |
биографические романы |
| a |
Ключевые слова |
писатели |
| a |
Ключевые слова |
романы |
| a |
Ключевые слова |
советская литература |
| a |
Ключевые слова |
тема детства |
| a |
Ключевые слова |
тема личной жизни |
| a |
Ключевые слова |
тема любви |
| a |
Ключевые слова |
тема памяти |
| a |
Ключевые слова |
тема поэтов |
| a |
Ключевые слова |
тема семьи |
| a |
Ключевые слова |
тема судьбы |
| a |
Ключевые слова |
тема творчества |
| a |
Ключевые слова |
тема человека |
| a |
Ключевые слова |
тема юности |
| 686 |
Индексы других классификаций |
__ |
| 2 |
Код системы |
rubbks |
| a |
Классификационный индекс |
84(2=411.2)6-4; ст84(2Рос=Рус)6-4 |
| 700 |
Автор |
_1 |
| a |
Фамилия |
Тынянов |
| b |
Имя |
Ю. Н. |
| f |
Даты |
1894-1943 |
| g |
Полное личное имя |
Юрий Николаевич |
| 4 |
Код отношения |
070 |
| 702 |
Вторичная интеллектуальная ответственность |
_1 |
| a |
Фамилия |
Костелянец |
| b |
Имя |
Б. |
| 4 |
Код отношения |
Автор предисловия и т.д. |
| 4 |
Код отношения |
080 |
| 702 |
Вторичная интеллектуальная ответственность |
_1 |
| a |
Фамилия |
Иванова |
| b |
Имя |
Н. С. |
| 4 |
Код отношения |
Комментатор печатного текста |
| 4 |
Код отношения |
212 |
| 702 |
Вторичная интеллектуальная ответственность |
_1 |
| a |
Фамилия |
Симанчук |
| b |
Имя |
А. И. |
| 4 |
Код отношения |
Художник |
| 4 |
Код отношения |
040 |
| 801 |
Источник записи |
_0 |
| a |
Страна |
ru |
| b |
Организация |
Муниципальное бюджетное учреждение культуры "Централизованная библиотечная система" г. Сургут (Центральная городская библиотека им. А. С. Пушкина) |
| c |
Дата составления |
20180914 |
| g |
Правила каталогизации |
rpk |
| 801 |
Источник записи |
_1 |
| a |
Страна |
ru |
| b |
Организация |
Муниципальное бюджетное учреждение культуры "Централизованная библиотечная система" г. Сургут (Центральная городская библиотека им. А. С. Пушкина) |
| c |
Дата составления |
20180914 |
| g |
Правила каталогизации |
rpk |
| 852 |
Данные о местонахождении |
__ |
| j |
Шифр хранения |
84(2=411.2)6-4 |
| i |
Авторский знак |
Т 93 |
| 901 |
Тип документа |
1_ |
| t |
Тип документа |
m |
| a |
Ответственный |
ООФиК/Волкова |
| 903 |
Характеристики (МАРС) |
__ |
| a |
Дата передачи |
20180914 |
| 990 |
Данные о заказе (DOS) |
__ |
| j |
Количество экземпляров (DOS) |
1 |
| t |
N записи в КСУ для И/У (DOS) |
201809 |